| 000 | 01003nam a22002897a 4500 | ||
|---|---|---|---|
| 001 | BR7310116 | ||
| 003 | BR-BrBNA | ||
| 005 | 20230928084149.0 | ||
| 007 | ta | ||
| 008 | 230509b bl.||||| |||| 00| 0 por d | ||
| 040 |
_aBR-BrBNA _bpor _cBiblioteca Nacional de Agricultura |
||
| 041 | _a(Por) | ||
| 072 | _aE15 | ||
| 090 | _ E15 BR7310116 | ||
| 100 | 1 | _aTrant, G.I. | |
| 110 | 1 |
_aAssociacao Internacional de Economistas Agricolas, Sao Paulo, SP (Brasil) _9635 |
|
| 111 | 1 |
_a15. Congresso Internacional de Economistas Agricolas _cSao Paulo, SP (Brazil) _d20 Aug 1973 |
|
| 245 | 1 | _aA integracao de consideracoes biologicas e economicas na construcao de sistemas de producao intensiva [Economia da producao; Produtividade; Sistema de producao] | |
| 260 | 3 |
_aSao Paulo, SP (Brasil): _c1973. |
|
| 300 | _a18 p. | ||
| 650 | _aMicroeconomia | ||
| 650 | _aEconomia da producao | ||
| 650 | _aProdutividade | ||
| 650 | _aSistema de producao | ||
| 909 |
_a202309 _bLucia _c55 _dLucia Elande |
||
| 942 | _cBK | ||
| 999 |
_c17233 _d17233 |
||